| 000 | 00467nam a2200169Ia 4500 | ||
|---|---|---|---|
| 008 | 230524s9999 xx 000 0 und d | ||
| 082 |
_a660.6092 _bRAS |
||
| 100 |
_aS.C.Rastogi _923421 |
||
| 245 | 0 | _a"Bioinformatics : Concepts, Skills and Applications" | |
| 250 | _a1ST | ||
| 260 |
_aNEW DELHI _bCBS _c2006 |
||
| 300 | _aXV;352 | ||
| 500 | _aQuantity Number: 1 | ||
| 650 | _aBiomedical | ||
| 700 |
_a" Namita Mendiratta , Parag Rastogi,,," _923422 |
||
| 942 | _cBK | ||
| 999 |
_c35001 _d35001 |
||